000 01551cad a22002535a 4500
001 E148264
008 090825s2007 xxk f s000 0 eng d
020 _a9780755970582
035 _a(Sirsi) u148264
041 0 _aeng
050 0 4 _a333.73 $2 18
110 2 _aScotland
_bScottish Government
_95344
245 0 0 _aEnvironmental Protection Act 1990, Part IIA Contaminated Land
_bThe Radioactive Contaminated Land (Scotland) Regulations 2007, statutory guidance
_h[electronic resource]
260 _aEdinburgh
_bScottish Government
_c2007
505 2 _aIntroduction -- Annex 1: policy regarding radioactive contaminated Land -- Annex 2: a description of the regime for radioactive contaminated land -- Annex 3: statutory guidance: chapter A, statutory guidance on the definition of radioactive contaminated land; chapter B, statutory guidance on the identification of radioactive contaminated land -- Annex 4: glossary of terms
520 _aSets out detailed guidance to the Scottish Environmental Protection Agency (SEPA) in carrying out duties resulting from the extension of the contaminated land regime to include radioactivity. The statutory guidance applies only to SEPA.
521 _aAdvanced
590 _aKA
650 2 4 _aRADIOACTIVE CONTAMINATED LAND (SCOTLAND) REGULATIONS 2007
651 4 _aScotland
_y1999-
690 _aPROPERTY-RURAL AND NATURAL ASSETS-LAND-CONTAMINATED LAND
856 4 8 _uhttps://www.scotland.gov.uk/Publications/2008/03/31102033/0
_zView the guidance free of charge at www.scotland.gov.uk...
942 _n0
999 _c109978
_d109978